<?xml version="1.0" encoding="UTF-8"?>
<record
    xmlns:xsi="http://www.w3.org/2001/XMLSchema-instance"
    xsi:schemaLocation="http://www.loc.gov/MARC21/slim http://www.loc.gov/standards/marcxml/schema/MARC21slim.xsd"
    xmlns="http://www.loc.gov/MARC21/slim">

  <leader>00722cam a2200205 i 4500</leader>
  <datafield tag="999" ind1=" " ind2=" ">
    <subfield code="c">117424</subfield>
    <subfield code="d">117424</subfield>
  </datafield>
  <controlfield tag="001">18173672</controlfield>
  <controlfield tag="005">20200520144258.0</controlfield>
  <controlfield tag="008">140602s2014    gw       b    001 0 eng  </controlfield>
  <datafield tag="020" ind1=" " ind2=" ">
    <subfield code="a">9783631644942 (Print)</subfield>
  </datafield>
  <datafield tag="040" ind1=" " ind2=" ">
    <subfield code="c">PK-LaUMT</subfield>
  </datafield>
  <datafield tag="082" ind1="0" ind2="0">
    <subfield code="a">427.02</subfield>
    <subfield code="2">23</subfield>
    <subfield code="b">STU-</subfield>
  </datafield>
  <datafield tag="245" ind1="0" ind2="0">
    <subfield code="a">Studies in Middle English :</subfield>
    <subfield code="b">words, forms, senses and texts /</subfield>
    <subfield code="c">edited by Michael Bilynsky</subfield>
  </datafield>
  <datafield tag="260" ind1=" " ind2=" ">
    <subfield code="a">New York :</subfield>
    <subfield code="b">Peter Lang,</subfield>
    <subfield code="c">2014</subfield>
  </datafield>
  <datafield tag="300" ind1=" " ind2=" ">
    <subfield code="a">367 p. ;</subfield>
    <subfield code="c">22 cm.</subfield>
  </datafield>
  <datafield tag="490" ind1="0" ind2=" ">
    <subfield code="a">Studies in English medieval language and literature,</subfield>
    <subfield code="v">Vol. 44</subfield>
  </datafield>
  <datafield tag="650" ind1=" " ind2="0">
    <subfield code="a">English language</subfield>
    <subfield code="y">Middle English, 1100-1500</subfield>
    <subfield code="x">Word formation.</subfield>
  </datafield>
  <datafield tag="650" ind1=" " ind2="0">
    <subfield code="a">English language</subfield>
    <subfield code="y">Middle English, 1100-1500</subfield>
    <subfield code="x">Semantics.</subfield>
  </datafield>
  <datafield tag="700" ind1="1" ind2=" ">
    <subfield code="a">Bilynsky, Michael,</subfield>
  </datafield>
  <datafield tag="942" ind1=" " ind2=" ">
    <subfield code="c">BK</subfield>
  </datafield>
  <datafield tag="952" ind1=" " ind2=" ">
    <subfield code="0">0</subfield>
    <subfield code="1">0</subfield>
    <subfield code="4">0</subfield>
    <subfield code="7">0</subfield>
    <subfield code="a">01</subfield>
    <subfield code="b">01</subfield>
    <subfield code="d">2020-05-20</subfield>
    <subfield code="l">0</subfield>
    <subfield code="o">427.02 STU-</subfield>
    <subfield code="p">133516</subfield>
    <subfield code="r">2020-05-20 00:00:00</subfield>
    <subfield code="w">2020-05-20</subfield>
    <subfield code="y">BK</subfield>
  </datafield>
</record>
